00478 a2200157 450000500170000001000130001702000230003003500130005303700160006608200150008210000150009724500410011226000560015327000890020930000220029820240516104948.0 aB-759033 a8189161962c750.00 aB-759033 bGift/Unesco a306.810954 aYadav, K.P aChild Marriage in India/cK.P. Yadav aNew DelhibAdhyayan Publishers & Distributorsc2006 a4378/4B, 105 J.M.D House Murari Lal Street Ansari Road Darya GanjbNew Delhie110002 a303 p.c22cm (Hb)